[Event "4NCL 2014-15"]
[Site "Hinckley Island ENG"]
[Date "2015.03.28"]
[Round "7.186"]
[White "Chapman, Terry P D"]
[Black "Rudd, Jack"]
[Result "1/2-1/2"]
[WhiteTitle "FM"]
[BlackTitle "IM"]
[WhiteElo "2262"]
[BlackElo "2247"]
[WhiteTeam "Barbican 4NCL 2"]
[BlackTeam "e2e4.org.uk 1"]
[WhiteFideId "413399"]
[BlackFideId "405736"]
[EventDate "2014.11.15"]

1. Nf3 Nf6 2. c4 e6 3. g3 d5 4. d4 c6 5. Bg2 Nbd7 6. Qc2 Be7 7. O-O O-O 8. Nbd2
b6 9. e4 Ba6 10. Re1 dxe4 11. Nxe4 Nxe4 12. Rxe4 c5 13. dxc5 bxc5 14. Bf4 Nf6
15. Re2 Qb6 16. Rd1 Rad8 17. Red2 Bb7 18. Ne5 Bxg2 19. Kxg2 Rxd2 20. Rxd2 Rd8
21. Rxd8+ Bxd8 22. f3 Bc7 23. g4 h6 24. Qd2 Qb8 25. Nd3 e5 26. Bg3 e4 27. fxe4
Nxe4 28. Bxc7 Qxc7 29. Qf4 Qb7 30. Qf3 Qe7 31. Qe3 Qe6 32. Nf2 Nxf2 33. Qxe6
fxe6 34. Kxf2 Kf7 35. Kf3 Kf6 36. Kf4 a5 37. b3 g6 38. a3 e5+ 39. Ke4 h5 40.
gxh5 gxh5 41. Kd5 Kf5 42. b4 axb4 43. axb4 cxb4 44. c5 b3 45. c6 b2 46. c7 b1=Q
47. c8=Q+ Kf4 48. Qc4+ Kg5 49. Kxe5 Qb8+ 50. Kd5 Qxh2 51. Qc1+ Qf4 52. Qg1+ Kh6
53. Qb6+ Kg7 54. Qd4+ Qxd4+ 1/2-1/2

[Event "4NCL 2014-15"]
[Site "Hinckley Island ENG"]
[Date "2015.03.28"]
[Round "7.187"]
[White "Lentzos, Ioanis"]
[Black "O`Donnell, Conor"]
[Result "0-1"]
[WhiteElo "2031"]
[BlackElo "2190"]
[WhiteTeam "e2e4.org.uk 1"]
[BlackTeam "Barbican 4NCL 2"]
[WhiteFideId "4255470"]
[BlackFideId "2504243"]
[EventDate "2014.11.15"]

1. e4 c5 2. Nf3 d6 3. Bb5+ Nd7 4. d4 cxd4 5. Qxd4 a6 6. Bxd7+ Bxd7 7. c4 e5 8.
Qd3 b5 9. Na3 Qb6 10. Be3 Qb7 11. O-O f5 12. Qd5 Qxd5 13. exd5 Nf6 14. Rfd1 Rb8
15. g3 bxc4 16. Nxc4 Rb5 17. Bg5 Nxd5 18. a4 Rc5 19. Nxd6+ Bxd6 20. b4 Nxb4 21.
Rxd6 e4 22. Rad1 Nd3 23. Ne1 Rc6 24. Rd4 Nxe1 25. Rxe1 h6 26. Red1 hxg5 27. Rxd7
O-O 28. R1d5 Rcf6 29. Ra7 R8f7 30. Ra8+ Rf8 31. Ra7 R8f7 32. Ra8+ Kh7 33. Ra5
Rc6 34. R8xa6 Rc1+ 35. Kg2 Rc2 36. Re5 Ra2 37. Raa5 f4 38. Rxe4 f3+ 39. Kh3 Rxf2
40. Ree5 g6 41. Rac5 Rf1 42. Rc2 Rg1 43. Rf2 Rg2 44. Rf1 Ra2 45. a5 Rf5 46. Re3
g4+ 47. Kh4 Ra4 0-1

[Event "4NCL 2014-15"]
[Site "Hinckley Island ENG"]
[Date "2015.03.28"]
[Round "7.188"]
[White "Lauterbach, Ingrid"]
[Black "Norinkeviciute, Rasa"]
[Result "0-1"]
[WhiteTitle "WIM"]
[BlackTitle "WFM"]
[WhiteElo "2089"]
[BlackElo "2009"]
[WhiteTeam "Barbican 4NCL 2"]
[BlackTeam "e2e4.org.uk 1"]
[WhiteFideId "405221"]
[BlackFideId "12801925"]
[EventDate "2014.11.15"]

1. e4 c5 2. Nf3 d6 3. d4 cxd4 4. Qxd4 Nc6 5. Bb5 Bd7 6. Qd3 Nf6 7. c4 g6 8. Nc3
Bg7 9. O-O O-O 10. Rd1 Nb4 11. Qe2 a6 12. Bxd7 Nxd7 13. Bf4 Nc6 14. Rac1 Rc8 15.
b3 Re8 16. Rd5 Nce5 17. Nxe5 Nxe5 18. Qd1 b6 19. Na4 Qc7 20. Be3 Nd7 21. f3 Qb7
22. Qe2 Rc6 23. Rcd1 Rec8 24. Bg5 Nf6 25. R5d2 h6 26. Be3 Kh7 27. Nb2 Nd7 28.
Nd3 R6c7 29. Nf4 Nf6 30. Bd4 e5 31. Bf2 exf4 32. Rxd6 Rc6 33. e5 Ne8 34. Rd7
R8c7 35. Rd8 Re6 36. R1d5 Rce7 37. Qe4 Nc7 38. Bh4 Nxd5 39. cxd5 Rxe5 40. Qxf4
Rd7 41. d6 g5 0-1

[Event "4NCL 2014-15"]
[Site "Hinckley Island ENG"]
[Date "2015.03.29"]
[Round "8.112"]
[White "Rendle, Thomas E"]
[Black "Parker, Jonathan F"]
[Result "0-1"]
[WhiteTitle "IM"]
[BlackTitle "GM"]
[WhiteElo "2378"]
[BlackElo "2519"]
[WhiteTeam "Grantham Sharks 1"]
[BlackTeam "Barbican 4NCL 1"]
[WhiteFideId "408760"]
[BlackFideId "400580"]
[EventDate "2014.11.15"]

1. e4 e5 2. Nf3 Nc6 3. Bb5 a6 4. Ba4 Nf6 5. O-O Be7 6. Bxc6 dxc6 7. Qe1 Nd7 8.
b3 O-O 9. Bb2 Bd6 10. Qe3 Re8 11. d3 Nf8 12. Nbd2 c5 13. Nc4 f6 14. Nh4 Ne6 15.
g3 Nd4 16. Rac1 Bh3 17. Ng2 Be6 18. c3 Nc6 19. f4 Be7 20. Rcd1 Qd7 21. Nh4 exf4
22. gxf4 f5 23. Qg3 Bxh4 24. Qxh4 Bxc4 25. dxc4 Qf7 26. e5 Nd8 27. Rd5 Ne6 28.
Rfd1 Re7 29. Bc1 b6 30. Be3 Rae8 31. R1d2 Nf8 32. Qg5 Re6 33. Qh4 Rg6+ 34. Rg2
Rxg2+ 35. Kxg2 Re6 36. Bf2 Rg6+ 37. Bg3 Ne6 38. Rd8+ Nxd8 39. Qxd8+ Qf8 40. Qxc7
Qe8 41. Qb7 Qc6+ 42. Qxc6 Rxc6 43. Kf3 Kf7 44. Ke3 Kg6 45. Bh4 Kh5 46. Bd8 Kg4
47. h4 h6 48. a3 a5 49. a4 Re6 0-1

[Event "4NCL 2014-15"]
[Site "Hinckley Island ENG"]
[Date "2015.03.29"]
[Round "8.113"]
[White "Turner, Matthew J"]
[Black "Grund, Holger"]
[Result "1-0"]
[WhiteTitle "GM"]
[WhiteElo "2485"]
[BlackElo "2404"]
[WhiteTeam "Barbican 4NCL 1"]
[BlackTeam "Grantham Sharks 1"]
[WhiteFideId "402893"]
[BlackFideId "4624475"]
[EventDate "2014.11.15"]

1. Nf3 d5 2. g3 Nf6 3. Bg2 c6 4. O-O Bg4 5. d3 e6 6. c4 Nbd7 7. Nc3 Be7 8. cxd5
cxd5 9. e4 O-O 10. exd5 exd5 11. h3 Bh5 12. g4 Bg6 13. Nh4 Nc5 14. Nxg6 hxg6 15.
d4 Nce4 16. Qb3 Nxc3 17. bxc3 b6 18. Bd2 Qd7 19. Rfe1 Rfd8 20. a4 Bd6 21. Qb5
Bc7 22. Qxd7 Rxd7 23. g5 Nh5 24. c4 Bf4 25. Be3 Rc8 26. Bxd5 Bd6 27. h4 Nf4 28.
Bxf4 Bxf4 29. Kg2 Kf8 30. Ra3 Bd6 31. Rf3 Rcc7 32. Rb1 Ke8 33. a5 bxa5 34. Rb8+
Rd8 35. Bxf7+ Kd7 36. Rb5 Rh8 37. c5 Be7 38. Rf4 Rf8 39. Rxa5 Kd8 40. Ra6 Bxc5
41. dxc5 Rcxf7 42. Rxf7 Rxf7 43. Rxg6 a5 44. Ra6 Rf4 45. Kg3 Ra4 46. h5 Ke7 47.
f4 Ra1 48. Kg4 a4 49. Kf5 Kf7 50. Ra7+ 1-0

[Event "4NCL 2014-15"]
[Site "Hinckley Island ENG"]
[Date "2015.03.29"]
[Round "8.114"]
[White "Roberson, Peter T"]
[Black "D'Costa, Lorin A R"]
[Result "1/2-1/2"]
[WhiteTitle "IM"]
[BlackTitle "IM"]
[WhiteElo "2406"]
[BlackElo "2430"]
[WhiteTeam "Grantham Sharks 1"]
[BlackTeam "Barbican 4NCL 1"]
[WhiteFideId "412384"]
[BlackFideId "409219"]
[EventDate "2014.11.15"]

1. e4 c6 2. d4 d5 3. Nd2 dxe4 4. Nxe4 Nd7 5. Bd3 Ngf6 6. Nxf6+ Nxf6 7. c3 Bg4 8.
Ne2 e6 9. h3 Bxe2 10. Qxe2 g6 11. O-O Bg7 12. Bf4 O-O 13. Rfe1 a5 14. Rad1 Nd5
15. Bg3 Qb6 1/2-1/2

[Event "4NCL 2014-15"]
[Site "Hinckley Island ENG"]
[Date "2015.03.29"]
[Round "8.115"]
[White "Ferguson, Mark"]
[Black "Bremner, Adam"]
[Result "1/2-1/2"]
[WhiteTitle "IM"]
[WhiteElo "2415"]
[BlackElo "2183"]
[WhiteTeam "Barbican 4NCL 1"]
[BlackTeam "Grantham Sharks 1"]
[WhiteFideId "403547"]
[BlackFideId "2400847"]
[EventDate "2014.11.15"]

1. e4 c5 2. Nf3 e6 3. g3 Nc6 4. Bg2 Nf6 5. Qe2 d6 6. O-O Be7 7. Rd1 O-O 8. d4
cxd4 9. Nxd4 Nxd4 10. Rxd4 e5 11. Rd1 Bg4 12. Bf3 Be6 13. c4 Qc7 14. b3 Bd7 15.
Nc3 Bc6 16. a4 a5 17. Be3 Nd7 18. Rac1 b6 19. Nb5 Bxb5 20. cxb5 Nc5 21. Rc3 Qb7
22. Qc2 g6 23. Be2 Rac8 24. Bxc5 Rxc5 25. Rxc5 dxc5 26. Bc4 Rd8 27. Bd5 Qc7 28.
Qc4 Bf6 29. Rd3 Kg7 30. Kg2 h5 31. h4 Qd7 32. Rf3 Qe7 33. Qe2 Rd6 34. Rd3 Rd8
35. Qd1 Rd7 36. Bc6 Rxd3 37. Qxd3 Qd8 38. Bd7 Qc7 39. Qd5 Be7 40. Be8 Bf8 41.
Kf1 Qe7 42. Bc6 Qd6 43. Ke2 Qxd5 44. Bxd5 Kf6 45. Kd3 Ke7 46. Kc4 Bh6 47. Bc6
Ke6 48. Kd3 Bg7 49. Bd5+ Ke7 50. Ke3 Bf6 51. Bc4 Ke8 52. f4 Ke7 53. f5 g5 54.
hxg5 Bxg5+ 55. Kf3 h4 56. gxh4 1/2-1/2

[Event "4NCL 2014-15"]
[Site "Hinckley Island ENG"]
[Date "2015.03.29"]
[Round "8.116"]
[White "Holland, James P"]
[Black "Grafl, Florian"]
[Result "0-1"]
[WhiteElo "2252"]
[BlackElo "2408"]
[WhiteTeam "Grantham Sharks 1"]
[BlackTeam "Barbican 4NCL 1"]
[WhiteFideId "416835"]
[BlackFideId "4645715"]
[EventDate "2014.11.15"]

1. Nf3 f5 2. g3 Nf6 3. Bg2 g6 4. O-O Bg7 5. d4 O-O 6. c4 d6 7. Nc3 Nc6 8. d5 Ne5
9. Nxe5 dxe5 10. e4 f4 11. gxf4 exf4 12. Bxf4 Nxe4 13. Bg3 Nxg3 14. hxg3 e6 15.
Qb3 exd5 16. cxd5 Kh8 17. Rad1 Qd6 18. Qc4 Bd7 19. Ne4 Qb6 20. Ng5 Bb5 21. Qh4
h6 22. Ne6 Bxf1 23. Nxf8 Bxg2 24. Ne6 Bf3 25. Qe7 Qxb2 26. Nxc7 Bxd1 27. Nxa8
Bf3 0-1

[Event "4NCL 2014-15"]
[Site "Hinckley Island ENG"]
[Date "2015.03.29"]
[Round "8.117"]
[White "Griffiths, Ryan Rhys"]
[Black "Willis, Rupert"]
[Result "1/2-1/2"]
[WhiteTitle "FM"]
[WhiteElo "2348"]
[BlackElo "2140"]
[WhiteTeam "Barbican 4NCL 1"]
[BlackTeam "Grantham Sharks 1"]
[WhiteFideId "2502054"]
[BlackFideId "1506951"]
[EventDate "2014.11.15"]

1. d4 e6 2. c4 Nf6 3. Nc3 c5 4. d5 exd5 5. cxd5 d6 6. Nf3 g6 7. Bf4 a6 8. a4 Bg7
9. e3 O-O 10. h3 Qe7 11. Be2 Nbd7 12. Bh2 Rb8 13. O-O Ne8 14. Nd2 f5 15. Rb1 Nc7
16. Nc4 Ne5 17. Nb6 Nd7 18. Nc4 Ne5 19. Na3 b5 20. axb5 axb5 21. Ncxb5 Nxb5 22.
Bxb5 Bd7 23. Bxd7 Nxd7 24. Nc4 Be5 25. Qd2 Rb4 26. Na5 Bxh2+ 27. Kxh2 Qf6 28.
Nc6 Rb6 29. b4 cxb4 30. Rxb4 Rxb4 31. Qxb4 f4 32. e4 f3 33. g3 Re8 34. Re1 h5
35. h4 g5 36. hxg5 Qxg5 37. Qxd6 Nf6 38. Qf4 Qxf4 39. gxf4 Rxe4 40. Rxe4 Nxe4
41. Ne5 Kg7 42. Nxf3 Kf6 43. Ne5 Kf5 44. f3 Nf6 45. d6 1/2-1/2

[Event "4NCL 2014-15"]
[Site "Hinckley Island ENG"]
[Date "2015.03.29"]
[Round "8.118"]
[White "Summerscale, Claire E"]
[Black "Lauterbach, Ingrid"]
[Result "0-1"]
[BlackTitle "WIM"]
[WhiteElo "1912"]
[BlackElo "2089"]
[WhiteTeam "Grantham Sharks 1"]
[BlackTeam "Barbican 4NCL 2"]
[WhiteFideId "410926"]
[BlackFideId "405221"]
[EventDate "2014.11.15"]

1. d4 g6 2. e4 Bg7 3. Nf3 d6 4. c3 a6 5. Bc4 Nf6 6. Qc2 O-O 7. Bg5 b5 8. Be2 Bb7
9. Nbd2 Nbd7 10. O-O c5 11. a4 cxd4 12. Nxd4 bxa4 13. Bxf6 Bxf6 14. Rxa4 Nc5 15.
Ra3 a5 16. N4b3 Nxb3 17. Qxb3 Qc7 18. Rfa1 Bg5 19. Nf3 Bf6 20. Nd2 Bc6 21. Qc2
a4 22. Nc4 Rab8 23. Bd3 e6 24. f3 d5 25. exd5 exd5 26. Nd2 Qb6+ 27. Kf1 Qxb2 28.
R1a2 Qxc2 29. Bxc2 Be7 0-1

[Event "4NCL 2014-15"]
[Site "Hinckley Island ENG"]
[Date "2015.03.29"]
[Round "8.121"]
[White "Adair, James R"]
[Black "Zakarian, David"]
[Result "1-0"]
[WhiteTitle "IM"]
[BlackTitle "FM"]
[WhiteElo "2421"]
[BlackElo "2394"]
[WhiteTeam "White Rose 1"]
[BlackTeam "Oxford 1"]
[WhiteFideId "406252"]
[BlackFideId "13301276"]
[EventDate "2014.11.15"]

1. e4 Nc6 2. Nf3 d6 3. d4 Nf6 4. Nc3 g6 5. d5 Nb8 6. h3 Bg7 7. Bc4 O-O 8. O-O
Re8 9. Bg5 c6 10. Re1 b5 11. Bb3 b4 12. Na4 Nfd7 13. dxc6 Nxc6 14. Qd5 Bb7 15.
Qxf7+ Kh8 16. Bd2 Rf8 17. Ng5 Nce5 18. Qxg7+ Kxg7 19. Ne6+ Kh8 20. Nxd8 Raxd8
21. Bxb4 g5 22. Bd2 g4 23. hxg4 Nxg4 24. f3 Nge5 25. f4 Ng4 26. Bc3+ e5 27. Rad1
Rxf4 28. Rxd6 Rf6 29. Red1 h5 30. Rxd7 Rxd7 31. Rxd7 Bxe4 32. Nc5 Bc6 33. Re7 1-0

[Event "4NCL 2014-15"]
[Site "Hinckley Island ENG"]
[Date "2015.03.29"]
[Round "8.122"]
[White "Eckersley-Waites, Tom"]
[Black "Palliser, Richard J D"]
[Result "1/2-1/2"]
[BlackTitle "IM"]
[WhiteElo "2282"]
[BlackElo "2444"]
[WhiteTeam "Oxford 1"]
[BlackTeam "White Rose 1"]
[WhiteFideId "412449"]
[BlackFideId "407372"]
[EventDate "2014.11.15"]

1. e4 c5 2. Nf3 d6 3. Bb5+ Bd7 4. Bxd7+ Qxd7 5. O-O Nf6 6. Qe2 Nc6 7. Rd1 g5 8.
c3 g4 9. Nh4 Qe6 10. d3 c4 11. d4 Qxe4 12. Qxc4 e6 13. Qf1 h5 14. c4 Be7 15. Nc3
Qh7 16. d5 Ne5 17. dxe6 fxe6 18. f4 gxf3 19. Nxf3 Nfg4 20. Nd4 Rf8 21. Qe2 Qg8
22. Ne4 O-O-O 23. h3 d5 24. cxd5 exd5 25. hxg4 dxe4 26. Bh6 Rf6 27. Qxe4 Qd5 28.
Rac1+ Bc5 29. Qxd5 1/2-1/2

[Event "4NCL 2014-15"]
[Site "Hinckley Island ENG"]
[Date "2015.03.29"]
[Round "8.123"]
[White "Wells, Peter K"]
[Black "Harvey, Marcus R"]
[Result "1/2-1/2"]
[WhiteTitle "GM"]
[BlackTitle "FM"]
[WhiteElo "2457"]
[BlackElo "2322"]
[WhiteTeam "White Rose 1"]
[BlackTeam "Oxford 1"]
[WhiteFideId "400327"]
[BlackFideId "400092"]
[EventDate "2014.11.15"]

1. d4 e6 2. c4 Nf6 3. Nc3 Bb4 4. e3 O-O 5. Bd3 d6 6. Ne2 e5 7. O-O Bxc3 8. Nxc3
Nc6 9. d5 Ne7 10. f4 exf4 11. exf4 Bf5 12. Bxf5 Nxf5 13. g4 Ne7 14. f5 Nd7 15.
Bf4 Re8 16. Qf3 Nc8 17. Rae1 Ncb6 18. b3 Qh4 19. Bg3 Qh3 20. Nb5 Rxe1 21. Rxe1
Rc8 22. a4 Ne5 23. Qg2 Qxg2+ 24. Kxg2 a6 25. Bxe5 axb5 26. a5 Nd7 27. Bd4 bxc4
28. bxc4 h6 29. Re2 Kf8 30. Rb2 b6 31. axb6 Nxb6 32. Bxb6 cxb6 33. Rxb6 Rxc4 34.
h3 1/2-1/2

[Event "4NCL 2014-15"]
[Site "Hinckley Island ENG"]
[Date "2015.03.29"]
[Round "8.124"]
[White "Dickinson, Tim R"]
[Black "McNab, Colin A"]
[Result "0-1"]
[BlackTitle "GM"]
[WhiteElo "2102"]
[BlackElo "2426"]
[WhiteTeam "Oxford 1"]
[BlackTeam "White Rose 1"]
[WhiteFideId "405728"]
[BlackFideId "2400030"]
[EventDate "2014.11.15"]

1. d4 d6 2. Nf3 g6 3. c4 Bg7 4. Nc3 Nd7 5. g3 e5 6. Bg2 Ne7 7. O-O O-O 8. e4
exd4 9. Nxd4 Nc6 10. Be3 Nde5 11. Nxc6 bxc6 12. Bd4 c5 13. Bxe5 Bxe5 14. Qd2 Bb7
15. f4 Bd4+ 16. Kh1 Qf6 17. Nb5 c6 18. Nxd4 cxd4 19. c5 dxc5 20. Rfc1 Qe7 21.
Rc2 Rfd8 22. Rac1 c4 23. Rxc4 c5 24. e5 Rac8 25. Bxb7 Qxb7+ 26. Qg2 Qb5 27. b3
d3 28. Qd2 Qd7 29. b4 cxb4 30. Rxc8 Rxc8 31. Rxc8+ Qxc8 32. Qxd3 Qc6+ 33. Kg1
Qb6+ 34. Kg2 a5 35. Qd7 Kg7 36. Qa4 Qb7+ 37. Kf2 Qd5 38. Qc2 h6 39. Qe2 a4 40.
Qb2 Qc5+ 41. Ke2 Qc4+ 42. Ke3 a3 43. Qa1 Kh7 44. g4 b3 45. axb3 Qxb3+ 46. Ke4 a2 0-1

[Event "4NCL 2014-15"]
[Site "Hinckley Island ENG"]
[Date "2015.03.29"]
[Round "8.125"]
[White "Gourlay, Iain"]
[Black "Rawlinson, Aidan M"]
[Result "1-0"]
[WhiteTitle "FM"]
[WhiteElo "2378"]
[BlackElo "2190"]
[WhiteTeam "White Rose 1"]
[BlackTeam "Oxford 1"]
[WhiteFideId "2401533"]
[BlackFideId "413496"]
[EventDate "2014.11.15"]

1. Nf3 g6 2. c4 Bg7 3. g3 Nf6 4. Bg2 O-O 5. Nc3 d6 6. O-O a6 7. Rb1 e5 8. d3 c6
9. b4 Re8 10. b5 axb5 11. cxb5 d5 12. bxc6 bxc6 13. d4 Nbd7 14. dxe5 Nxe5 15.
Nxe5 Rxe5 16. Be3 Rxe3 17. fxe3 Ng4 18. Nxd5 cxd5 19. Qxd5 Qxd5 20. Bxd5 1-0

[Event "4NCL 2014-15"]
[Site "Hinckley Island ENG"]
[Date "2015.03.29"]
[Round "8.126"]
[White "Nandi, Robin J"]
[Black "Townsend, M Paul"]
[Result "0-1"]
[WhiteElo "1986"]
[BlackElo "2249"]
[WhiteTeam "Oxford 1"]
[BlackTeam "White Rose 1"]
[WhiteFideId "434604"]
[BlackFideId "402320"]
[EventDate "2014.11.15"]

1. e4 e6 2. d4 d5 3. Nc3 Bb4 4. e5 c5 5. a3 Bxc3+ 6. bxc3 Qc7 7. Qg4 f5 8. Qg3
Nc6 9. Nf3 cxd4 10. cxd4 Nge7 11. c3 O-O 12. Be2 Na5 13. O-O Nb3 14. Rb1 Qxc3
15. Rd1 Bd7 16. Bg5 f4 17. Qg4 Nf5 18. Rd3 Qc2 19. Rdxb3 Qxe2 20. Rxb7 Be8 21.
h4 h5 22. Qxf4 Bg6 23. Rc1 Rab8 24. Rcc7 Rxb7 25. Rxb7 Qd1+ 26. Kh2 Nh6 27.
Rxg7+ 0-1

[Event "4NCL 2014-15"]
[Site "Hinckley Island ENG"]
[Date "2015.03.29"]
[Round "8.127"]
[White "Weller, Jean-Luc"]
[Black "Varney, Zoe"]
[Result "1/2-1/2"]
[WhiteElo "2233"]
[BlackElo "1746"]
[WhiteTeam "White Rose 1"]
[BlackTeam "Oxford 1"]
[WhiteFideId "421936"]
[BlackFideId "436135"]
[EventDate "2014.11.15"]

1. d4 d5 2. c4 c6 3. Nf3 Nf6 4. e3 e6 5. Bd3 Nbd7 6. Nbd2 Bd6 7. O-O O-O 8. e4
dxe4 9. Nxe4 Nxe4 10. Bxe4 h6 11. Bc2 e5 12. c5 Bc7 13. b4 Re8 14. Bb2 e4 15.
Nd2 Nf6 16. g3 Qd7 17. Re1 Qd5 18. Qe2 Bg4 19. Qc4 Qh5 20. Nxe4 Nxe4 21. Bxe4
Bf3 22. Bxf3 Qxf3 23. Qc3 Qd5 24. Re3 a5 25. a3 Rxe3 26. Qxe3 h5 27. Qe7 Qb3 28.
Qxc7 Qxb2 29. Re1 axb4 30. Qxb7 Rxa3 31. Qc8+ Kh7 32. Qf5+ Kh6 33. Qxf7 Ra1 34.
Qf4+ Kh7 35. Qe4+ Kh6 36. Qxc6+ g6 37. Qe4 Rxe1+ 38. Qxe1 Qxd4 39. Qc1+ Kg7 40.
c6 b3 41. c7 b2 42. Qb1 Qc3 43. c8=Q Qxc8 44. Qxb2+ Kh7 45. Qf6 Qd7 46. Kg2 Qd5+
47. Qf3 Qd7 48. Qe4 Qf7 49. Qc6 Kg7 50. Qf3 Qd7 51. Qc3+ Kh7 52. Qc5 Kg7 53. Qg5
Kh7 54. f4 Qc6+ 55. Kh3 Qc8+ 56. Kh4 Qe6 57. h3 Kg7 58. Qe5+ Qf6+ 59. Qxf6+ Kxf6
60. g4 hxg4 61. hxg4 g5+ 62. Kg3 gxf4+ 1/2-1/2

[Event "4NCL 2014-15"]
[Site "Hinckley Island ENG"]
[Date "2015.03.29"]
[Round "8.131"]
[White "Gormally, Daniel W"]
[Black "Howell, David W L"]
[Result "0-1"]
[WhiteTitle "GM"]
[BlackTitle "GM"]
[WhiteElo "2497"]
[BlackElo "2670"]
[WhiteTeam "Blackthorne Russia"]
[BlackTeam "Cheddleton 1"]
[WhiteFideId "406465"]
[BlackFideId "410608"]
[EventDate "2014.11.15"]

1. d4 Nf6 2. c4 g6 3. Nc3 d5 4. cxd5 Nxd5 5. e4 Nxc3 6. bxc3 Bg7 7. Bc4 c5 8.
Ne2 Nc6 9. Be3 O-O 10. O-O Bd7 11. Qd2 Qa5 12. Rad1 cxd4 13. cxd4 Qxd2 14. Rxd2
Rfc8 15. Rb1 Na5 16. Bd3 e6 17. f3 a6 18. Kf2 b5 19. Rc2 Rxc2 20. Bxc2 Nc4 21.
Bd3 Nxe3 22. Kxe3 e5 23. Rc1 Rd8 24. dxe5 Bxe5 25. f4 Bb8 26. Nc3 Ba7+ 27. Kd2
f5 28. Nd5 fxe4 29. Bxe4 Kf8 30. Ke2 Bg4+ 31. Kf1 Be6 32. Rc7 Bd4 33. Nb4 Bc4+
34. Bd3 Bb6 35. Rc6 Rxd3 36. Nxd3 Bxd3+ 37. Ke1 Ba5+ 38. Kd1 b4 39. Rc5 Bb6 40.
Rc6 Ba5 0-1

[Event "4NCL 2014-15"]
[Site "Hinckley Island ENG"]
[Date "2015.03.29"]
[Round "8.132"]
[White "Hawkins, Jonathan"]
[Black "Duncan, Chris R"]
[Result "1-0"]
[WhiteTitle "GM"]
[BlackTitle "FM"]
[WhiteElo "2550"]
[BlackElo "2336"]
[WhiteTeam "Cheddleton 1"]
[BlackTeam "Blackthorne Russia"]
[WhiteFideId "412686"]
[BlackFideId "403091"]
[EventDate "2014.11.15"]

1. d4 d5 2. c4 c6 3. Nf3 Nf6 4. Nc3 dxc4 5. a4 Bf5 6. Ne5 Na6 7. e3 Nb4 8. Bxc4
e6 9. O-O Bd6 10. Qe2 h6 11. e4 Bh7 12. Bf4 O-O 13. Rfd1 Qc7 14. Bg3 Nd7 15. Ng4
Bg6 16. Rac1 a6 17. Qf3 Rac8 18. Ne2 e5 19. Qb3 Qa5 20. dxe5 Nc5 21. Qe3 Be7 22.
Nf6+ Kh8 23. Nf4 b5 24. axb5 axb5 25. Be2 Rcd8 26. h4 Rxd1+ 27. Bxd1 Rd8 28. Be2
Ne6 29. h5 Bh7 30. Nxh7 Kxh7 31. Nxe6 fxe6 32. Qb3 Rd2 33. Bg4 Nd3 34. Qxe6 Nxc1
35. Qg6+ Kh8 36. Qe8+ 1-0

[Event "4NCL 2014-15"]
[Site "Hinckley Island ENG"]
[Date "2015.03.29"]
[Round "8.133"]
[White "Bates, Richard A"]
[Black "Arkell, Keith C"]
[Result "1/2-1/2"]
[WhiteTitle "IM"]
[BlackTitle "GM"]
[WhiteElo "2349"]
[BlackElo "2497"]
[WhiteTeam "Blackthorne Russia"]
[BlackTeam "Cheddleton 1"]
[WhiteFideId "403555"]
[BlackFideId "400270"]
[EventDate "2014.11.15"]

1. d4 e6 2. g3 d5 3. Bg2 Nf6 4. c4 Nbd7 5. Nf3 Be7 6. O-O O-O 7. Qc2 c6 8. Nbd2
b6 9. Rd1 Bb7 10. e4 dxe4 11. Nxe4 Nxe4 12. Qxe4 Nf6 13. Qe2 Qc7 14. Bf4 Bd6 15.
Bxd6 Qxd6 16. Ne5 Rab8 17. a3 c5 18. dxc5 Qxc5 19. Bxb7 Rxb7 20. b4 Qe7 21. Nc6
Qe8 22. b5 Qa8 23. Rd6 Rd7 24. Rad1 Rxd6 25. Rxd6 Qb7 26. Qd3 h6 27. Qd4 Qc7 28.
a4 Re8 29. Rd8 Rxd8 30. Qxd8+ Qxd8 31. Nxd8 Ne4 32. Nc6 Nc5 33. a5 bxa5 34. Nxa5
Kf8 35. f4 Ke7 36. Kf2 Kd6 37. Ke3 f6 38. Kd4 e5+ 39. fxe5+ fxe5+ 40. Kc3 h5 41.
Kd2 g5 42. Ke3 g4 43. Ke2 Ne6 44. Nb3 Ng5 45. Ke3 Nf3 46. c5+ Kd5 47. c6 Kd6 48.
Nd2 Nd4 49. Ne4+ Kc7 50. Nc3 Kd6 51. Ke4 Ke6 52. c7 Kd7 53. Kxe5 Nf3+ 54. Kf4
Nxh2 55. Nd5 Nf1 56. b6 axb6 57. Nxb6+ Kxc7 58. Nd5+ Kd6 59. Nf6 Nxg3 1/2-1/2

[Event "4NCL 2014-15"]
[Site "Hinckley Island ENG"]
[Date "2015.03.29"]
[Round "8.134"]
[White "Eggleston, David J"]
[Black "Ansell, Simon T"]
[Result "1-0"]
[WhiteTitle "IM"]
[BlackTitle "IM"]
[WhiteElo "2424"]
[BlackElo "2379"]
[WhiteTeam "Cheddleton 1"]
[BlackTeam "Blackthorne Russia"]
[WhiteFideId "412120"]
[BlackFideId "402141"]
[EventDate "2014.11.15"]

1. e4 c5 2. Nf3 Nc6 3. d4 cxd4 4. Nxd4 e5 5. Nb5 d6 6. N1c3 a6 7. Na3 b5 8. Nd5
Be7 9. c4 b4 10. Nc2 Rb8 11. Bd3 Nf6 12. O-O O-O 13. b3 a5 14. Nce3 Be6 15. Re1
Nd7 16. Nf5 Nc5 17. Re3 Bxf5 18. exf5 Bg5 19. Rg3 f6 20. f4 exf4 21. Nxf4 Bxf4
22. Bxf4 Ne5 23. Bc2 Qb6 24. Kh1 Qc6 25. Qd4 Rfe8 26. Rd1 Rb7 27. h3 Nf7 28.
Qxf6 1-0

[Event "4NCL 2014-15"]
[Site "Hinckley Island ENG"]
[Date "2015.03.29"]
[Round "8.135"]
[White "Ledger, Andrew J"]
[Black "Williams, Simon K"]
[Result "1/2-1/2"]
[WhiteTitle "IM"]
[BlackTitle "GM"]
[WhiteElo "2396"]
[BlackElo "2429"]
[WhiteTeam "Blackthorne Russia"]
[BlackTeam "Cheddleton 1"]
[WhiteFideId "400610"]
[BlackFideId "404454"]
[EventDate "2014.11.15"]

1. d4 e6 2. c4 b6 3. a3 c5 4. d5 exd5 5. cxd5 d6 6. Nc3 g6 7. Bf4 Nf6 8. Nf3 Bg7
9. e3 O-O 10. Be2 Ne8 11. O-O Nd7 12. Nd2 Qe7 13. Re1 f5 14. h3 Ne5 15. Bh2 g5
16. f4 Ng6 17. Bh5 Bd7 18. Nf3 g4 19. hxg4 fxg4 20. Ng5 Nf6 21. Bxg6 hxg6 22.
Qd3 Qe8 23. Bg3 Nh5 24. Bh4 b5 25. Ne6 Bxc3 26. bxc3 Bxe6 27. dxe6 Qxe6 28. Rad1
Rae8 29. Qxd6 Ng7 30. Qxc5 Nf5 31. Bg5 Rc8 32. Qxb5 Rxc3 33. Rd3 Rc2 34. e4 g3
35. Qd5 Qxd5 36. exd5 Rb8 37. Bf6 Re2 38. Rdd1 Rbe8 39. Be5 Rf2 40. Rd3 Rb2 41.
d6 Rb7 42. Rc1 Rd8 43. Kf1 Rbd7 44. Ke2 Kf7 45. Kf3 Ke6 46. Re1 Rc8 47. Bc3+ Kf7
48. Red1 Ke6 49. Be1 Rxd6 50. Bxg3 Rxd3+ 51. Rxd3 Rc4 52. Bf2 a5 53. g3 Nd6 54.
Bb6 1/2-1/2